000 00948cam a22001934a 4500
005 20250605164051.0
008 250528s ||||||||||||||||||||||||d
035 _a17275
020 _a745012043
040 _aGR-AtMCL
_bgre
_dGR-AtMCL
_eAACR2
245 1 _aThe Single European Market / Prospects for Economic Integration
260 _bHarvester Wheatsheaf,
_c1992
300 _a204
520 _aA unified introduction to the key economic issues raised by the European Community, the completion of the Single Market and the moves to economic and monetary union. Preface, Economic Integration: An Overview, Location and Transport and Trade, Measuring Regional Competitiveness, The Existing Order: Integration to 1991, Realizing the Single Market, The Impact on Sector, The Impact on Regions, The New Order? Integration to 2001, Bibliography, Index.
700 1 _aVickerman W. R
_93436
942 _cBK
999 _c2703
_d2703